<?xml version="1.0" encoding="UTF-8"?>
<collection xmlns:xsi="http://www.w3.org/2001/XMLSchema-instance" xsi:schemaLocation="http://www.loc.gov/MARC21/slim http://www.loc.gov/standards/marcxml/schema/MARC21slim.xsd" xmlns="http://www.loc.gov/MARC21/slim">
 <record>
  <leader>00000cam a22000004a 4500</leader>
  <controlfield tag="001">UP-8027390931312519465</controlfield>
  <controlfield tag="003">Buklod</controlfield>
  <controlfield tag="005">20200504200914.0</controlfield>
  <controlfield tag="006">o--- |     ||   ||</controlfield>
  <controlfield tag="007">ta</controlfield>
  <controlfield tag="008">820804s1981    enkm    rb   a001 0|eng d</controlfield>
  <datafield tag="035" ind1=" " ind2=" ">
   <subfield code="a">(iLib)UPCEB-00011919919</subfield>
  </datafield>
  <datafield tag="040" ind1=" " ind2=" ">
   <subfield code="a">DLC</subfield>
   <subfield code="b">eng</subfield>
   <subfield code="c">DLC</subfield>
   <subfield code="d">PGC</subfield>
   <subfield code="d">MUQ</subfield>
   <subfield code="d">BAKER</subfield>
   <subfield code="d">NLGGC</subfield>
   <subfield code="d">BTCTA</subfield>
   <subfield code="d">YDXCP</subfield>
   <subfield code="d">AU@</subfield>
   <subfield code="d">GBVCP</subfield>
   <subfield code="d">HEBIS</subfield>
   <subfield code="d">DEBBG</subfield>
   <subfield code="d">BDX</subfield>
   <subfield code="d">OCLCO</subfield>
  </datafield>
  <datafield tag="050" ind1="0" ind2="0">
   <subfield code="a">LB2805</subfield>
   <subfield code="b">P675 1981</subfield>
  </datafield>
  <datafield tag="082" ind1="0" ind2="0">
   <subfield code="a">371.2</subfield>
  </datafield>
  <datafield tag="090" ind1=" " ind2="0">
   <subfield code="a">LB 2805</subfield>
   <subfield code="b">P675 1981</subfield>
  </datafield>
  <datafield tag="245" ind1="0" ind2="4">
   <subfield code="a">The Politics of school government</subfield>
   <subfield code="c">edited by George Baron.</subfield>
  </datafield>
  <datafield tag="250" ind1=" " ind2=" ">
   <subfield code="a">1st ed.</subfield>
  </datafield>
  <datafield tag="264" ind1=" " ind2="1">
   <subfield code="a">Oxford</subfield>
   <subfield code="a">New York</subfield>
   <subfield code="b">Pergamon</subfield>
   <subfield code="c">1981.</subfield>
  </datafield>
  <datafield tag="300" ind1=" " ind2=" ">
   <subfield code="a">viii, 298 p.</subfield>
   <subfield code="c">22 cm.</subfield>
  </datafield>
  <datafield tag="490" ind1="1" ind2=" ">
   <subfield code="a">International studies in education and social change.</subfield>
  </datafield>
  <datafield tag="490" ind1="1" ind2=" ">
   <subfield code="a">Pergamon international library of science, technology, engineering, and social studies.</subfield>
  </datafield>
  <datafield tag="504" ind1=" " ind2=" ">
   <subfield code="a">Includes bibliographies and indexes.</subfield>
  </datafield>
  <datafield tag="505" ind1="0" ind2=" ">
   <subfield code="a">Pressures for change in school government / George Baron -- School advisory councils in America : frustration and failure / Robert E. Jennings -- Public involvement in school governance in Canada / Barry G. Lucas and Charles S. Lusthaus -- Political parties and school government in England and Wales / George Baron -- Scottish school councils : a new initiative in school-community relations? / Alastair Macbeth -- Parents and school government in Australia / Phillip Hughes -- School government in New Zealand : balancing the interests / John Barrington -- The politicization of school government : the French example / Nicholas Beattie -- Legalism and participation in school government in West Germany / Ian Breckenridge -- Bureaucracy and participation : the introduction of school councils in Italy / Pippa Pridham -- Participatory committees and contrasting administrative styles in Scandinavian school governance / Jon Lauglo -- School councils and the future of school government / George Baron.</subfield>
  </datafield>
  <datafield tag="650" ind1=" " ind2="0">
   <subfield code="a">School management and organization.</subfield>
  </datafield>
  <datafield tag="700" ind1="1" ind2=" ">
   <subfield code="a">Baron, George.</subfield>
  </datafield>
  <datafield tag="830" ind1=" " ind2="0">
   <subfield code="a">International studies in education and social change.</subfield>
  </datafield>
  <datafield tag="830" ind1=" " ind2="0">
   <subfield code="a">Pergamon international library of science, technology, engineering, and social studies.</subfield>
  </datafield>
  <datafield tag="852" ind1="0" ind2=" ">
   <subfield code="a">UPCEB</subfield>
   <subfield code="b">CEBU-LAHUG</subfield>
   <subfield code="h">LB 2805 P675 1981</subfield>
  </datafield>
  <datafield tag="942" ind1=" " ind2=" ">
   <subfield code="a">Book</subfield>
  </datafield>
 </record>
</collection>
